000 02616nab a2200277 a 4500
005 20240530063800.0
008 991125c2018 uy fr p o 000 0 spa d
035 _aUPN01000228900
040 _aMX-MxUPN
_bspa
_cMX-MxUPN
_eaacr2
049 _aART-E
100 1 _aParentelli, Varenka
_6- varenka.parentelli@fic.edu.uy
100 1 _aCuadrado, Victoria
100 1 _aMartínez, Ana
245 1 4 _aLas trayectorias de los primeros estudiantes de Comunicación del plan de estudios 2012
_h[recurso electrónico en línea]
506 0 _aAcceso abierto
520 3 _aEn ocasión de la implementación del Plan de estudios 2012 de la Licenciatura en Comunicación, se realizó un estudio longitudinal a los estudiantes de las generaciones 2013 y 2014 y se los siguió a medida que fueron avanzando semestre a semestre. El objetivo general se centró en estudiar las trayectorias de los estudiantes y generar insumos para optimizar la propuesta formativa, así como su implementación. La metodología utilizada incluyó la aplicación de encuestas, la realización de grupos focales y el análisis de documentos. Se compararon los resultados entre ambas generaciones con el propósito de indagar en los aspectos diferenciados que pudieran emerger entre ellas, así como identificar los obstáculos y fortalezas coincidentes. La primera etapa del estudio buscó conocer el perfil de los estudiantes de ingreso e indagar en los motivos y las expectativas con los cuales se inscriben en la carrera. Posteriormente se realizaron una exploración de los itinerarios formativos trazados por los estudiantes y la identificación de los criterios en la toma de decisiones durante el avance. Se relevaron fortalezas, debilidades y obstáculos. Se realizó un análisis sobre los itinerarios de los estudiantes en función de sus intereses formativos, se indagaron el grado de avance en el último tramo de la carrera en función de los créditos obtenidos, así como los obstáculos por los cuales aún no están realizando el trabajo final de grado y el nivel de satisfacción respecto a las expectativas con las cuales ingresaron a la carrera.
650 0 _99298
_aEstudiantes universitarios
650 4 _aEducación superior
_932
653 0 _aTrayectoria curricular
653 0 _aFlexibilidad curricular
773 _gVol. 5, no. 2 (2018 ), p. 70-83
_tInter-Cambios. Dilemas y transiciones de la educación superior
_x2301-0126
856 4 0 _uhttps://ojs.intercambios.cse.udelar.edu.uy/index.php/ic/article/view/164/99
902 _aGloria Jiménez
_bGloria Jiménez/060623
905 _aArticulo
942 _cART-E
999 _c200995
_d200995